000 00800cab a2200241 4500
001 WB2915-27
008 090401t1993 xxu||||| |||| 00| 0 eng d
035 _a(Sirsi) u5944
041 _aeng
245 _aCapital receipts `holiday` not productive
260 _c1993
350 _a0
490 _aArchitects` Journal
_v197(16) 21 April 1993, 7(1)
520 _aAccording to the Institute of Housing local authorities have only built 400 homes with capital receipts, as reductions in Government funding in other areas has drained the capital receipts resource.
650 _aCAPITAL RECEIPTS
650 _aESTATE ACTION GRANTS
650 _aHOUSE BUILDING
650 _aLOCAL AUTHORITIES
650 _aSPECIFIED CAPITAL GRANTS
690 _aHOUSING
942 _n0
948 _c04/03/1997
999 _c3560
_d3560